15 krajów o największej liczbie zgonów Covid19 - 6 lut 2021 - Statystyki

Ogólne statystyki
  • Ten quiz został rozwiązany 40 razy
  • Średni wynik to 10 z 24
Statystyki odpowiedzi
kraj % Poprawnych
Stany Zjednoczone
92%
Rosja
84%
Niemcy
82%
Francja
74%
Hiszpania
74%
Włochy
71%
Brazylia
63%
Meksyk
61%
Argentyna
55%
Wielka Brytania
53%
Indie
50%
Portugalia
39%
Czechy
32%
Republika Południowej Afryki
32%
Belgia
26%
Iran
24%
Peru
24%
Węgry
18%
Bośnia i Hercegowina
16%
Chorwacja
16%
Kolumbia
16%
Słowenia
13%
Bułgaria
11%
Macedonia Północna
5%
Nie znaleziono quizów pasujących do podanych kryteriów
Rozkład punktacji
Procent ludzi z każdym wynikiem
Percentyl według liczby udzielonych odpowiedzi
Twoja historia wyników
Nie rozwiązałeś tego quizu